00249nam a2200109Ia 4500008004100000041000800041082001500049100001300064245001400077260002900091300001900120241015s9999 xx 000 0 und d aeng a894.81 BEN aBenyamin aGoat Days bPenguinaNew Dehlic2012 a255.; P. 20 cm